00505nam a22001572 4500001001100000005001700011008004100028020002800069040001500097050001800112245011000130260002600240300001500266650003700281700002900318000000143220151217151817.0070312s xx 000 0 eng d a0197263224 :cKES 6,750 aKABUcKABU 0aHB99.7b.K49210aKeynes and his critics :btreasury responses to the Keynesian revolution 1925-1946 /ced. by G. C. Peden. aOxford :bOUP,c2004. axv, 372 p. 0aKeynesian economics.@00001501741 aPeden, G. C.@0000150175